[Event "Santo Domingo District"]
[Site "Santo Domingo"]
[Date "2016.03.12"]
[Round "3"]
[White "Sarante Feliz, Genesis Melquisedec"]
[Black "Alfau Sencion, Lisbeth"]
[Result "1/2-1/2"]
[WhiteElo "1639"]
[BlackElo "1684"]
[PlyCount "125"]
[EventDate "2016.03.11"]
[EventType "swiss"]
[EventRounds "7"]
[EventCountry "DOM"]
[SourceTitle "EXT 2017"]
[Source "ChessBase"]
[SourceDate "2016.10.25"]
[SourceVersion "1"]
[SourceVersionDate "2016.10.25"]
[SourceQuality "1"]

1. e4 c5 2. Nf3 d6 3. d4 cxd4 4. Nxd4 Nf6 5. Nc3 a6 6. Be3 e6 7. Be2 Be7 8. 0-0 b5 9. a3 0-0 10. f4 Qc7 11. Kh1 Bb7 12. Bd3 Nbd7 13. Nf3 Nc5 14. Rc1 Ncxe4 15. Nxe4 Bxe4 16. Bxe4 Nxe4 17. Qd3 Nf6 18. Bd4 h6 19. Rcd1 Rac8 20. c3 Rfd8 21. Rfe1 Nd5 22. f5 e5 23. Bf2 Nf6 24. Qc2 Qc4 25. Nd2 Qc6 26. Bh4 Nd5 27. Bxe7 Nxe7 28. f6 gxf6 29. Re3 Ng6 30. Qf5 Qxg2+ 31. Kxg2 Nh4+ 32. Kf2 Nxf5 33. Rf3 Nh4 34. Rg1+ Ng6 35. h4 Kf8 36. Rxf6 Ke7 37. Rf3 Nxh4 38. Rh3 Nf5 39. Rh5 Ke6 40. Rf1 Rg8 41. Ne4 d5 42. Rxf5 Kxf5 43. Nd6+ Ke6 44. Nxc8 Rxc8 45. Rh1 Rh8 46. Rh4 f5 47. a4 bxa4 48. Rxa4 Ra8 49. Rh4 Kf6 50. Rxh6+ Kg5 51. Rd6 Rb8 52. b4 Rc8 53. Rxd5 Rxc3 54. Rxe5 Rb3 55. Ra5 Rxb4 56. Rxa6 f4 57. Ra1 Rb2+ 58. Kf3 Rb3+ 59. Kf2 Kg4 60. Rg1+ Rg3 61. Rxg3+ fxg3+ 62. Kg2 Kf4 63. Kg1 1/2-1/2

[Event "Santo Domingo La Raza op"]
[Site "Santo Domingo"]
[Date "2015.10.13"]
[Round "3"]
[White "Toro Rojas, Freddy Alberto"]
[Black "Sarante Feliz, Genesis Melquisedec"]
[Result "1-0"]
[WhiteElo "1919"]
[BlackElo "1593"]
[PlyCount "82"]
[EventDate "2015.10.12"]
[EventType "swiss"]
[EventRounds "8"]
[EventCountry "DOM"]
[SourceTitle "CBM 169 Extra"]
[Source "ChessBase"]
[SourceDate "2015.12.18"]
[SourceVersion "1"]
[SourceVersionDate "2015.12.18"]
[SourceQuality "1"]

1. d4 Nf6 2. Nf3 e6 3. g3 c5 4. Bg2 d5 5. 0-0 Nc6 6. c3 h6 7. Nbd2 cxd4 8. Nxd4 Bc5 9. N2f3 a5 10. b3 0-0 11. Bb2 Nxd4 12. cxd4 Bd6 13. e3 b5 14. a3 Ba6 15. Re1 b4 16. a4 Rc8 17. Rc1 Qb6 18. Ne5 Rc7 19. Rxc7 Qxc7 20. Qd2 Bxe5 21. dxe5 Nd7 22. Rc1 Qb7 23. h3 Rc8 24. Bd4 Rc6 25. Kh2 Qc8 26. Rxc6 Qxc6 27. f4 f6 28. exf6 Nxf6 29. g4 Qd6 30. Be5 Qc5 31. Bd4 Qd6 32. Kh1 Kf7 33. Qc2 Nd7 34. Qh7 Qf8 35. f5 Ke7 36. Bxg7 Qe8 37. Bd4+ Qf7 38. Qxh6 Bd3 39. fxe6 Qxe6 40. Qg5+ Kd6 41. Qf4+ Kc6 1-0

[Event "Santo Domingo La Raza op"]
[Site "Santo Domingo"]
[Date "2015.10.12"]
[Round "1"]
[White "Ventura Ruiz, Jonathan Leonardo"]
[Black "Sarante Feliz, Genesis Melquisedec"]
[Result "1-0"]
[WhiteElo "1921"]
[BlackElo "1593"]
[PlyCount "108"]
[EventDate "2015.10.12"]
[EventType "swiss"]
[EventRounds "8"]
[EventCountry "DOM"]
[SourceTitle "CBM 169 Extra"]
[Source "ChessBase"]
[SourceDate "2015.12.18"]
[SourceVersion "1"]
[SourceVersionDate "2015.12.18"]
[SourceQuality "1"]

1. e4 e5 2. Nf3 Nc6 3. Bc4 Nf6 4. Nc3 Bc5 5. d3 h6 6. Be3 Bb6 7. a4 d6 8. Qd2 Bg4 9. Nd5 Nxd5 10. Bxd5 Bxe3 11. fxe3 Bxf3 12. gxf3 Qh4+ 13. Ke2 Qh3 14. Rag1 g5 15. Rg3 Qc8 16. h4 gxh4 17. Rxh4 Ne7 18. Bb3 Rg8 19. Qe1 Qd7 20. Rxh6 Rxg3 21. Qxg3 0-0-0 22. Bxf7 Qxa4 23. Bb3 Qa1 24. Qg5 Nc6 25. Rg6 b6 26. Be6+ Kb7 27. Bd5 Rb8 28. Bxc6+ Kxc6 29. Qxe5 Qa2 30. c4 Qa5 31. Qd4 Qh5 32. Qd5+ Qxd5 33. exd5+ Kc5 34. Rg7 Rc8 35. f4 Kb4 36. f5 Kb3 37. f6 a5 38. Kd1 Kxb2 39. f7 Rf8 40. e4 Kc3 41. Ke2 Kd4 42. Rh7 Ke5 43. Ke3 Kf6 44. d4 Rxf7 45. e5+ dxe5 46. dxe5+ Kg6 47. Rh2 Re7 48. Ke4 Kf7 49. c5 bxc5 50. Ra2 Ke8 51. Rxa5 Kd7 52. e6+ Kc8 53. Rxc5 Kb8 54. Ke5 Kc8 1-0

[Event "DOM-ch U20"]
[Site "Santo Domingo"]
[Date "2015.09.26"]
[Round "6"]
[White "Sarante Feliz, Genesis Melquisedec"]
[Black "Ortiz Roman, Angello Mikhel"]
[Result "1-0"]
[WhiteElo "1593"]
[BlackElo "1508"]
[PlyCount "73"]
[EventDate "2015.09.24"]
[EventType "swiss"]
[EventRounds "8"]
[EventCountry "DOM"]
[SourceTitle "EXT 2017"]
[Source "ChessBase"]
[SourceDate "2016.10.25"]
[SourceVersion "1"]
[SourceVersionDate "2016.10.25"]
[SourceQuality "1"]

1. c4 e6 2. e3 Nf6 3. d4 d5 4. Nc3 Bb4 5. a3 Bd6 6. Nf3 c6 7. Bd3 0-0 8. cxd5 exd5 9. e4 dxe4 10. Nxe4 Nxe4 11. Bxe4 Re8 12. Ne5 Bxe5 13. dxe5 Qxd1+ 14. Kxd1 Rxe5 15. Re1 Re6 16. Bf4 f5 17. Bc2 Rxe1+ 18. Kxe1 Be6 19. Kd2 Nd7 20. Re1 Kf7 21. h3 Nf6 22. Be5 Rd8+ 23. Kc1 g6 24. f3 h5 25. g4 hxg4 26. fxg4 fxg4 27. Rf1 Bf5 28. Bxf6 Kxf6 29. hxg4 Rd5 30. gxf5 gxf5 31. Rd1 Rxd1+ 32. Kxd1 c5 33. Kd2 Ke5 34. Kc3 f4 35. Kc4 b6 36. a4 Kd6 37. Be4 1-0